[Event "Alta CC 40 years"]
[Site "Alta"]
[Date "2013.03.16"]
[Round "4"]
[White "Feoktistov, Alexey A"]
[Black "Turov, Maxim"]
[Result "1/2-1/2"]
[WhiteElo "2423"]
[BlackElo "2599"]
[PlyCount "111"]
[EventDate "2013.03.15"]
[EventType "swiss"]
[EventCountry "NOR"]
[SourceTitle "EXT 2024"]
[Source "ChessBase"]
[SourceDate "2023.10.10"]
[SourceVersion "1"]
[SourceVersionDate "2023.10.10"]
[SourceQuality "1"]

1. e4 c5 2. c3 Nf6 3. e5 Nd5 4. Bc4 Nb6 5. Bb3 c4 6. Bc2 Nc6 7. Qe2 Qc7 8. Nf3 g5 9. h3 Bg7 10. 0-0 Nxe5 11. Nxg5 Nd5 12. d4 cxd3 13. Bxd3 Nxd3 14. Qxd3 Qc6 15. Na3 b6 16. Qf3 0-0 17. Qe4 f5 18. Qh4 Qg6 19. Nf3 Bb7 20. Qg5 Nf6 21. Qxg6 hxg6 22. Ne5 Kh7 23. Re1 Ne4 24. Nd3 Bf6 25. Bf4 d6 26. Rad1 g5 27. Bc1 Rfd8 28. Nb5 Rd7 29. f3 Nc5 30. Nb4 a6 31. Nd4 Kg6 32. Ne6 Nxe6 33. Rxe6 Kf7 34. Re2 e6 35. Be3 a5 36. Nd3 Bd5 37. Bxb6 Rb8 38. Bd4 Bxd4+ 39. cxd4 Bxa2 40. Rc1 Bd5 41. Rc3 Rb3 42. Rec2 Rdb7 43. Kf2 Bc4 44. Rxb3 Rxb3 45. Rxc4 Rxd3 46. b4 a4 47. b5 a3 48. b6 Rd2+ 49. Kg3 f4+ 50. Kh2 a2 51. b7 Rb2 52. Ra4 Rxb7 53. Rxa2 Rb1 54. h4 gxh4 55. Kh3 Kf6 56. Kxh4 1/2-1/2

[Event "SZFO-ch"]
[Site "St Petersburg"]
[Date "2009.03.25"]
[Round "4"]
[White "Feoktistov, Alexey A"]
[Black "Rakhmanov, Alexander"]
[Result "0-1"]
[WhiteElo "2415"]
[BlackElo "2543"]
[PlyCount "71"]
[EventDate "2009.03.23"]
[EventType "swiss"]
[EventRounds "9"]
[EventCountry "RUS"]
[SourceTitle "EXT 2010"]
[Source "ChessBase"]
[SourceDate "2010.11.25"]
[SourceVersion "1"]
[SourceVersionDate "2010.11.25"]
[SourceQuality "1"]

1. d4 Nf6 2. Nf3 g6 3. c4 Bg7 4. Nc3 d5 5. cxd5 Nxd5 6. e4 Nxc3 7. bxc3 0-0 8. Ba3 b6 9. Bc4 Bb7 10. 0-0 Nc6 11. Rc1 Na5 12. Bd3 Qd7 13. Qe2 Rfd8 14. Rfd1 e6 15. h4 Bc6 16. Ba6 Ba4 17. Re1 b5 18. Bb4 Nc4 19. d5 Rab8 20. Nd4 Rb6 21. Nb3 Rxa6 22. Nc5 Qc8 23. h5 Bf8 24. hxg6 hxg6 25. dxe6 Rxe6 26. Nxa4 c5 27. Ba5 Rd2 28. Qf1 Ra6 29. e5 Qe6 30. Bc7 Rxa4 31. a3 Rxa3 32. Ra1 Rxa1 33. Rxa1 Qd7 34. Bb8 a5 35. Qe1 a4 36. Qe4 0-1

[Event "SZFO-ch"]
[Site "St Petersburg"]
[Date "2009.03.23"]
[Round "1"]
[White "Feoktistov, Alexey A"]
[Black "Solgalov, Victor"]
[Result "1-0"]
[WhiteElo "2415"]
[BlackElo "2196"]
[PlyCount "104"]
[EventDate "2009.03.23"]
[EventType "swiss"]
[EventRounds "9"]
[EventCountry "RUS"]
[SourceTitle "EXT 2010"]
[Source "ChessBase"]
[SourceDate "2010.11.25"]
[SourceVersion "1"]
[SourceVersionDate "2010.11.25"]
[SourceQuality "1"]

1. e4 d6 2. d4 Nf6 3. Nc3 g6 4. Nf3 Bg7 5. h3 c6 6. Bd3 Nbd7 7. Bf4 Nh5 8. Be3 e5 9. Qd2 b5 10. d5 b4 11. dxc6 bxc3 12. cxd7+ Bxd7 13. Qxc3 0-0 14. 0-0 Nf4 15. Rfd1 Qf6 16. Bxf4 Qxf4 17. Qd2 Rab8 18. b3 Bc6 19. Qxf4 exf4 20. c3 Rbe8 21. Rac1 Bxe4 22. Bxe4 Rxe4 23. Rxd6 Re2 24. Ra6 Rc8 25. Rxa7 Bxc3 26. b4 Kg7 27. b5 Bd4 28. Rxc8 Bxa7 29. a4 Rxf2 30. Kh2 Ra2 31. Rc4 Be3 32. h4 h6 33. Kh3 Rb2 34. g3 fxg3 35. Kxg3 Rb3 36. Ne5 f5 37. Rc7+ Kf6 38. Nd7+ Ke6 39. Nf8+ Kd5 40. Rd7+ Ke4 41. Nxg6 Bf4+ 42. Kf2 Be3+ 43. Ke2 Rb2+ 44. Kd1 f4 45. Re7+ Kf5 46. Ne5 Ra2 47. Nc4 Rxa4 48. Nxe3+ fxe3 49. b6 Kf4 50. Re6 Rb4 51. Rxh6 Kf3 52. Rf6+ Ke4 1-0

[Event "Voronezh op-A"]
[Site "Voronezh"]
[Date "2008.06.19"]
[Round "7"]
[White "Feoktistov, Alexey A"]
[Black "Rysbayeva, Aigerim"]
[Result "1-0"]
[WhiteElo "2423"]
[BlackElo "2164"]
[PlyCount "63"]
[EventDate "2008.06.12"]
[EventType "swiss"]
[EventRounds "9"]
[EventCountry "RUS"]
[SourceTitle "CBM 125 Extra"]
[Source "ChessBase"]
[SourceDate "2008.09.01"]
[SourceVersion "1"]
[SourceVersionDate "2008.09.01"]
[SourceQuality "1"]

1. d4 d5 2. Nf3 Nf6 3. c4 dxc4 4. e3 e6 5. Bxc4 c5 6. 0-0 a6 7. Qe2 b5 8. Bb3 Bb7 9. a4 Qb6 10. axb5 axb5 11. Rxa8 Bxa8 12. Nc3 c4 13. Bc2 Be7 14. e4 Nc6 15. d5 Nb4 16. Bb1 exd5 17. e5 Ne4 18. Nxe4 dxe4 19. Bxe4 Bxe4 20. Qxe4 0-0 21. Be3 Qc6 22. Qg4 Nd3 23. Nd4 Qg6 24. Qd7 Bc5 25. e6 Ne5 26. Qxb5 Bxd4 27. e7 Nf3+ 28. Kh1 Bxe3 29. e8Q Qd3 30. Ra1 Bc5 31. Qed7 Qxd7 32. Qxd7 1-0

[Event "Voronezh op-A"]
[Site "Voronezh"]
[Date "2008.06.12"]
[Round "1"]
[White "Feoktistov, Alexey A"]
[Black "Chernov, Vladimir1"]
[Result "1-0"]
[WhiteElo "2423"]
[BlackElo "2105"]
[PlyCount "93"]
[EventDate "2008.06.12"]
[EventType "swiss"]
[EventRounds "9"]
[EventCountry "RUS"]
[SourceTitle "CBM 125 Extra"]
[Source "ChessBase"]
[SourceDate "2008.09.01"]
[SourceVersion "1"]
[SourceVersionDate "2008.09.01"]
[SourceQuality "1"]

1. e4 c5 2. c3 Nf6 3. e5 Nd5 4. Bc4 Qc7 5. Nf3 Nb6 6. Bb3 c4 7. Bc2 Nc6 8. Qe2 d6 9. exd6 Qxd6 10. Na3 Be6 11. Nb5 Qb8 12. 0-0 g6 13. d3 Bg7 14. Be3 cxd3 15. Bxd3 0-0 16. Bxb6 axb6 17. Bc4 Bg4 18. h3 Bc8 19. Qe3 Ne5 20. Nxe5 Qxe5 21. Qxe5 Bxe5 22. Rfe1 Bf6 23. Nc7 Ra5 24. Nd5 Rd8 25. Nxf6+ exf6 26. Re7 Rf8 27. b4 Re5 28. Re1 Rxe1+ 29. Rxe1 Kg7 30. Re7 f5 31. Rc7 Kf6 32. f4 h6 33. Kf2 g5 34. Bd5 gxf4 35. Bxb7 Bxb7 36. Rxb7 Rc8 37. Rxb6+ Kg5 38. a4 Rxc3 39. Rb8 Rc2+ 40. Kf3 Rc3+ 41. Ke2 f3+ 42. gxf3 Kf4 43. a5 Re3+ 44. Kd2 Rxf3 45. a6 Ra3 46. b5 Ke5 47. Rb7 1-0

[Event "Champions Challenge 228th"]
[Site "Playchess.com INT"]
[Date "2007.12.08"]
[Round "1.2"]
[White "Feoktistov, Alexey A"]
[Black "Jegorovas, Aleksandras"]
[Result "1/2-1/2"]
[WhiteElo "2426"]
[BlackElo "2277"]
[PlyCount "138"]
[EventDate "2007.12.08"]
[EventType "k.o. (blitz)"]
[EventRounds "3"]
[EventCountry "GER"]
[SourceTitle "EXT 2010"]
[Source "ChessBase"]
[SourceDate "2010.11.25"]
[SourceVersion "1"]
[SourceVersionDate "2010.11.25"]
[SourceQuality "1"]

1. e4 e6 2. d4 d5 3. e5 c5 4. c3 Nc6 5. Nf3 Qb6 6. a3 c4 7. h4 Na5 8. Nbd2 Bd7 9. h5 h6 10. Be2 Ne7 11. 0-0 Nf5 12. g4 Ne7 13. Rb1 Nc8 14. b4 Nc6 15. Kg2 a6 16. a4 Nd8 17. a5 Qc7 18. Nh2 Na7 19. f4 Nb5 20. Rf3 Nc6 21. Qc2 0-0-0 22. f5 exf5 23. gxf5 Ncxd4 24. cxd4 Nxd4 25. Qd1 Nxf3 26. Ndxf3 Bxf5 27. Ra1 Be4 28. Bb2 Bxb4 29. Qa4 Bc5 30. Kf1 Rhe8 31. Ba3 Bxa3 32. Rxa3 Re6 33. Rc3 Kb8 34. Ng4 g6 35. Nd4 gxh5 36. Nxe6 fxe6 37. Nf2 Qxe5 38. Qa1 Rf8 39. Rc1 Qg3 40. Qd4 Qg2+ 41. Ke1 Qg1+ 42. Bf1 Bg2 43. Ke2 Bxf1+ 44. Rxf1 Qg2 45. Qe5+ Ka8 46. Qxe6 Qf3+ 47. Kd2 d4 48. Qxc4 Qe3+ 49. Kc2 Rxf2+ 50. Rxf2 Qxf2+ 51. Kb3 Qe3+ 52. Ka4 Qc3 53. Qg8+ Ka7 54. Qg7 Qa1+ 55. Kb4 Qb2+ 56. Ka4 Qb5+ 57. Ka3 Qxa5+ 58. Kb3 Qc3+ 59. Ka2 a5 60. Qd7 d3 61. Qh3 a4 62. Qe3+ Ka6 63. Qe6+ b6 64. Qe8 Qb3+ 65. Ka1 d2 66. Qa8+ Kb5 67. Qa5+ Kc4 68. Qd5+ Kb4 69. Qc5+ bxc5 1/2-1/2

[Event "Champions Challenge 226th"]
[Site "Playchess.com INT"]
[Date "2007.11.24"]
[Round "2.4"]
[White "Feoktistov, Alexey A"]
[Black "Podzielny, Karl Heinz"]
[Result "0-1"]
[WhiteElo "2426"]
[BlackElo "2470"]
[PlyCount "76"]
[EventDate "2007.11.24"]
[EventType "k.o. (blitz)"]
[EventRounds "4"]
[EventCountry "GER"]
[SourceTitle "EXT 2010"]
[Source "ChessBase"]
[SourceDate "2010.11.25"]
[SourceVersion "1"]
[SourceVersionDate "2010.11.25"]
[SourceQuality "1"]

1. e4 g6 2. d4 Bg7 3. Nf3 d6 4. h3 Nf6 5. Nc3 0-0 6. Bg5 a6 7. Qd2 b5 8. Bd3 Bb7 9. a3 Nbd7 10. 0-0 c5 11. d5 Re8 12. Rfe1 Rc8 13. Bh6 Bh8 14. Rad1 Nb6 15. Qg5 b4 16. axb4 cxb4 17. Ne2 Na4 18. Rb1 Nc5 19. Ng3 b3 20. Re2 e6 21. dxe6 Nxe6 22. Qd2 d5 23. exd5 Qxd5 24. c4 Qc6 25. Ne4 Rcd8 26. Qe3 Nxe4 27. Bxe4 Qxe4 28. Qxe4 Bxe4 29. Rxe4 Nc5 30. Rxe8+ Rxe8 31. Bd2 Nd3 32. Bc3 Bxc3 33. bxc3 b2 34. Kf1 a5 35. Nd2 a4 36. c5 a3 37. c6 a2 38. Rd1 a1Q 0-1

[Event "Champions Challenge 225th"]
[Site "Playchess.com INT"]
[Date "2007.11.17"]
[Round "1.4"]
[White "Milanovic, Slavisa"]
[Black "Feoktistov, Alexey A"]
[Result "1-0"]
[WhiteElo "2318"]
[BlackElo "2426"]
[PlyCount "27"]
[EventDate "2007.11.17"]
[EventType "k.o. (blitz)"]
[EventRounds "3"]
[EventCountry "GER"]
[SourceTitle "EXT 2010"]
[Source "ChessBase"]
[SourceDate "2010.11.25"]
[SourceVersion "1"]
[SourceVersionDate "2010.11.25"]
[SourceQuality "1"]

1. c4 Nf6 2. Nc3 e6 3. Nf3 d5 4. d4 c5 5. cxd5 Nxd5 6. e4 Nxc3 7. bxc3 Nc6 8. d5 Ne7 9. Bb5+ Bd7 10. dxe6 Bxb5 11. exf7+ Kxf7 12. Qb3+ c4 13. Qxb5 Qd3 14. Ne5+ 1-0

[Event "Petrozavodsk Elo-B"]
[Site "Petrozavodsk"]
[Date "2007.10.19"]
[Round "8"]
[White "Shipitsin, Denis"]
[Black "Feoktistov, Alexey A"]
[Result "0-1"]
[WhiteElo "2043"]
[BlackElo "2426"]
[PlyCount "78"]
[EventDate "2007.10.11"]
[EventType "tourn"]
[EventRounds "9"]
[EventCountry "RUS"]
[SourceTitle "EXT 2009"]
[Source "ChessBase"]
[SourceDate "2008.11.26"]
[SourceVersion "1"]
[SourceVersionDate "2008.11.26"]
[SourceQuality "1"]

1. Nf3 d5 2. b3 c5 3. e3 a6 4. Bb2 Nc6 5. d4 Bg4 6. Be2 e6 7. 0-0 Nf6 8. Nbd2 cxd4 9. exd4 Bd6 10. Ne5 Bxe2 11. Qxe2 Qc7 12. c4 0-0 13. f4 dxc4 14. Ndxc4 Ne7 15. Nxd6 Qxd6 16. Nc4 Qd8 17. Ne3 Nfd5 18. Rac1 Rc8 19. Rxc8 Qxc8 20. Nxd5 Nxd5 21. f5 exf5 22. Qe5 Rd8 23. Qxf5 Qxf5 24. Rxf5 f6 25. a3 Kf7 26. Rf1 Re8 27. Kf2 Re3 28. b4 Rb3 29. Bc1 Rd3 30. Ke2 Rxd4 31. Rf3 Rg4 32. Rd3 Rxg2+ 33. Kf3 Rc2 34. Rxd5 Rxc1 35. Rd7+ Kg6 36. Rxb7 Ra1 37. Ra7 Rxa3+ 38. Kg2 Rb3 39. Rb7 a5 0-1

[Event "Petrozavodsk Elo-B"]
[Site "Petrozavodsk"]
[Date "2007.10.13"]
[Round "4"]
[White "Toivonen, Alexander"]
[Black "Feoktistov, Alexey A"]
[Result "1/2-1/2"]
[WhiteElo "2205"]
[BlackElo "2426"]
[PlyCount "23"]
[EventDate "2007.10.11"]
[EventType "tourn"]
[EventRounds "9"]
[EventCountry "RUS"]
[SourceTitle "EXT 2009"]
[Source "ChessBase"]
[SourceDate "2008.11.26"]
[SourceVersion "1"]
[SourceVersionDate "2008.11.26"]
[SourceQuality "1"]

1. d4 Nf6 2. c4 g6 3. Nc3 Bg7 4. e4 d6 5. f4 0-0 6. Nf3 Bg4 7. Be2 c5 8. d5 e6 9. 0-0 exd5 10. cxd5 Nbd7 11. h3 Bxf3 12. Bxf3 1/2-1/2

[Event "Champions Challenge 217th"]
[Site "Playchess.com INT"]
[Date "2007.09.22"]
[Round "3.4"]
[White "Feoktistov, Alexey A"]
[Black "Riff, Jean Noel"]
[Result "1-0"]
[WhiteElo "2480"]
[BlackElo "2543"]
[PlyCount "133"]
[EventDate "2007.09.22"]
[EventType "k.o. (blitz)"]
[EventRounds "3"]
[EventCountry "GER"]
[SourceTitle "EXT 2010"]
[Source "ChessBase"]
[SourceDate "2010.11.25"]
[SourceVersion "1"]
[SourceVersionDate "2010.11.25"]
[SourceQuality "1"]

1. c4 Nf6 2. Nc3 e5 3. g3 Bb4 4. Bg2 0-0 5. Nf3 Re8 6. 0-0 c6 7. Qb3 Ba5 8. d3 h6 9. Bd2 Na6 10. Na4 Bxd2 11. Nxd2 d6 12. Qa3 Rb8 13. b4 d5 14. b5 cxb5 15. cxb5 Nc7 16. b6 Nb5 17. Qb2 a6 18. e3 Bf5 19. e4 dxe4 20. Nxe4 Nxe4 21. dxe4 Be6 22. Rfd1 Qe7 23. Nc3 Nd6 24. Nd5 Bxd5 25. Rxd5 Nc4 26. Qb3 Rbc8 27. Bh3 Rc6 28. Bd7 Nxb6 29. Bxc6 bxc6 30. Ra5 Nd7 31. Rc1 Nf6 32. Qc4 Qd7 33. Kg2 Qd2 34. Ra3 Nxe4 35. Rc2 Qd6 36. Qxc6 Qxa3 37. Qxe8+ Kh7 38. Qxf7 Nf6 39. Qb3 Qd6 40. h3 Qd8 41. Qf3 Qd7 42. Rc6 e4 43. Qc3 Qd5 44. Qc4 Qf5 45. Qe2 Qd5 46. Rxa6 Nd7 47. Kh2 Ne5 48. Ra3 Nd3 49. f3 Qc5 50. Qxe4+ g6 51. Qb7+ Kg8 52. Ra8+ Qf8 53. Rxf8+ Kxf8 54. Qc8+ Kf7 55. Qd7+ Kf6 56. Qxd3 Kg5 57. a4 Kh5 58. Qe4 g5 59. Qg4+ Kg6 60. f4 h5 61. Qxg5+ Kf7 62. Qxh5+ Ke6 63. Qe5+ Kd7 64. Qf6 Kc7 65. Qe6 Kb7 66. Qd6 Kc8 67. Qe7 1-0

[Event "Voronezh op-A 11th"]
[Site "Voronezh"]
[Date "2007.06.14"]
[Round "3"]
[White "Chernyshov, Konstantin"]
[Black "Feoktistov, Alexey A"]
[Result "1-0"]
[WhiteElo "2567"]
[BlackElo "2449"]
[PlyCount "89"]
[EventDate "2007.06.12"]
[EventType "swiss"]
[EventRounds "9"]
[EventCountry "RUS"]
[SourceTitle "CBM 118 Extra"]
[Source "ChessBase"]
[SourceDate "2007.07.04"]
[SourceVersion "1"]
[SourceVersionDate "2007.07.04"]
[SourceQuality "1"]

1. e4 e5 2. Nf3 Nc6 3. d4 exd4 4. Nxd4 Bc5 5. Nb3 Bb6 6. Nc3 Nf6 7. Bg5 h6 8. Bh4 d6 9. Bb5 0-0 10. 0-0 Ne5 11. Kh1 c6 12. Be2 Ng6 13. Bg3 Re8 14. Bf3 Ne5 15. a4 Be6 16. Be2 Nc4 17. Rb1 Qd7 18. Nd4 Bg4 19. Bxg4 Qxg4 20. f3 Qg5 21. Nf5 d5 22. Bh4 Qg6 23. b3 dxe4 24. bxc4 Qxf5 25. fxe4 Qe6 26. Bxf6 gxf6 27. Qh5 Kg7 28. c5 Ba5 29. Ne2 Qxe4 30. Rxb7 Qd5 31. Qxd5 cxd5 32. Nd4 Kg6 33. Nc6 Bd2 34. Ne7+ Kg7 35. c6 d4 36. h4 a5 37. Rf3 Kf8 38. Nd5 Rad8 39. Nxf6 Re1+ 40. Kh2 Re7 41. Nd7+ Ke8 42. Kh3 Rc8 43. Rg3 Kd8 44. Rg8+ Re8 45. Nf6 1-0

[Event "Champions Challenge 189th"]
[Site "Playchess.com INT"]
[Date "2007.03.10"]
[Round "2.2"]
[White "Feoktistov, Alexey A"]
[Black "Jovic, Stanoje"]
[Result "1-0"]
[WhiteElo "2445"]
[BlackElo "2303"]
[PlyCount "115"]
[EventDate "2007.03.10"]
[EventType "k.o. (blitz)"]
[EventRounds "5"]
[EventCountry "GER"]
[SourceTitle "CBM 117 Extra"]
[Source "ChessBase"]
[SourceDate "2007.05.09"]
[SourceVersion "1"]
[SourceVersionDate "2007.05.09"]
[SourceQuality "1"]

1. e4 c6 2. d4 d5 3. Nc3 dxe4 4. Nxe4 Nf6 5. Nxf6+ exf6 6. Bc4 Bd6 7. Ne2 Qc7 8. h3 0-0 9. Qd3 b5 10. Bb3 a5 11. a3 a4 12. Ba2 Nd7 13. 0-0 Nb6 14. Qf3 Re8 15. Bf4 Bb7 16. Qg3 Rxe2 17. Bxd6 Qd7 18. Bc5 Nc4 19. Qd3 Rd2 20. Qc3 Re2 21. Bxc4 bxc4 22. Qxc4 Ba6 23. Qxa4 g5 24. Rfe1 Rae8 25. Rxe2 Bxe2 26. Re1 g4 27. hxg4 Qxg4 28. Qb3 h5 29. Qg3 Qxg3 30. fxg3 Re6 31. Kf2 Bb5 32. b3 Kh7 33. c4 Ba6 34. Rh1 Kg6 35. Rh4 f5 36. Rf4 Re4 37. a4 Kf6 38. Rh4 Kg5 39. Rh1 f4 40. gxf4+ Rxf4+ 41. Ke3 Rg4 42. Be7+ f6 43. Rf1 Rg3+ 44. Rf3 Rxg2 45. Rxf6 Kg4 46. d5 Rb2 47. Rg6+ Kh3 48. Rxc6 Rxb3+ 49. Kd4 Bb7 50. Rh6 Kg4 51. a5 h4 52. Rxh4+ Kf5 53. Rh6 Rb1 54. Rf6+ Kg4 55. a6 Bc8 56. a7 Ra1 57. Bc5 Kg5 58. Rf8 1-0

[Event "Champions Challenge 184th"]
[Site "Playchess.com INT"]
[Date "2007.02.28"]
[Round "3.1"]
[White "Feoktistov, Alexey A"]
[Black "Lazarev, Vladimir"]
[Result "1-0"]
[WhiteElo "2445"]
[BlackElo "2517"]
[PlyCount "137"]
[EventDate "2007.02.03"]
[EventType "k.o. (blitz)"]
[EventRounds "5"]
[EventCountry "GER"]
[SourceTitle "EXT 2008"]
[Source "ChessBase"]
[SourceDate "2007.11.25"]
[SourceVersion "1"]
[SourceVersionDate "2007.11.25"]
[SourceQuality "1"]

1. e4 g6 2. d4 Bg7 3. Nf3 d6 4. h3 a6 5. a4 b6 6. Bc4 e6 7. Nc3 Bb7 8. Qe2 Nd7 9. 0-0 Ne7 10. Bg5 h6 11. Bxe7 Qxe7 12. Rfe1 0-0 13. Rad1 c5 14. Qd3 cxd4 15. Nxd4 Ne5 16. Qe2 Rfc8 17. Bb3 Nd7 18. Qg4 Nc5 19. Qg3 Rd8 20. f4 Nxb3 21. Nxb3 Rac8 22. Rd3 Rc4 23. e5 dxe5 24. fxe5 Rxd3 25. Qxd3 Qg5 26. Re2 Rc7 27. Qd6 Rc8 28. Qxb6 Bc6 29. Qxa6 Qd8 30. Qa7 Qg5 31. Qe3 Qh4 32. a5 Qb4 33. a6 Ra8 34. a7 Bf8 35. Rd2 Qb7 36. Na5 Qa6 37. Nxc6 Qxc6 38. Qe4 Qb6+ 39. Kh2 Rxa7 40. Na4 Qc7 41. b3 Ra5 42. Re2 Rxe5 43. Qxe5 Bd6 44. Qxd6 Qxd6+ 45. g3 Qd1 46. Rg2 h5 47. Nc3 Qf3 48. Ne2 Qe4 49. Nf4 h4 50. Nd3 hxg3+ 51. Kxg3 Qe3+ 52. Kh2 Kg7 53. Rg3 Qd2+ 54. Rg2 Qc3 55. Rf2 e5 56. Kg2 e4 57. Nf4 e3 58. Re2 Qd4 59. Kf3 Qe5 60. Rxe3 Qc5 61. Rd3 Qc6+ 62. Ke3 Qxc2 63. Nd5 Qc1+ 64. Kd4 Qb2+ 65. Nc3 Qf2+ 66. Kc4 Qf4+ 67. Rd4 Qc7+ 68. Kd3 Qb7 69. Kc4 1-0